Football by Letter - F - Statistics

General Stats
  • This quiz has been taken 70 times
    16 since last reset
  • The average score is 13 of 19
Answer Stats
Hint Answer % Correct
Manchester United Captain since 2023 Bruno Fernandes
100%
They last won the Turkish Super Lig in 2013/14 Fenerbahce Istanbul
100%
World Cup Winner in 1998 and 2018 France
100%
Coach with the most Premier League titles Sir Alex Ferguson
100%
European country that has never participated in a World Cup Finland
92%
Was part of one of the most feared centre-back duos alongside Nemanja Vidić Rio Ferdinand
92%
Coach during FC Bayern Munich's Champions League victory in 2020 Hansi Flick
85%
The most expensive Portuguese transfer in history Joao Felix
85%
Arsenal captain from 2008 to 2011 at just 21 years of age Cesc Fabregas
77%
Ballon d'OR winner 2000 Luis Figo
77%
They lost the 2009/10 Europa League final against Atlético Madrid FC Fulham
62%
They've lost two consecutive Conference League finals AC Florenz
54%
They won the Champions League in 1969/70 Feyenoord Rotterdam
54%
He won the Copa America and the Champions League in the same year in 2018/19 Roberto Firmino
54%
They lost the 2023 FIFA Club World Cup Fluminense
46%
Scored 13 goals at the 1958 World Cup Just Fontaine
46%
Youngest Premier League Player of the Year in history Phil Foden
46%
Youngest goalscorer in Champions League history Ansu Fati
38%
Has scored the most goals in a single Europa League season Radamel Falcao
38%
No matching quizzes found
Score Distribution
Percent of People with Each Score
Percentile by Number Answered
Your Score History
You have not taken this quiz since the last reset